000 00667nam a2200205Ia 4500
005 20250507130136.0
008 008 250505s9999 xx 000 0 eng d
037 _aDIS
040 _aEASL
_beng
_cEASL
041 _aeng
_2eng
084 _a0000079, SAK
_qEASL
100 _aSaklani Avinash Mohan
_9521911
245 0 _aVisit of Premier Zhou Enlai in April 1960 and the drift towards war Mira Sinha
260 _aIndia
_bDelhi University. Social Sciences. Chinese & Japanese Studies
_c1993
300 _a117p.
546 _aBoth Acc. Nos. are of same dissertation
650 _aDiss
942 _cDIS
_h0000079, SAK
999 _c1317958
_d1317958